书目信息 |
| 题名: |
高校英语课程改革与发展研究
|
|
| 作者: | 江丽琴 著 | |
| 分册: | ||
| 出版信息: | 北京 国防工业出版社 2015 |
|
| 页数: | 160页 | |
| 开本: | 21cm | |
| 丛书名: | ||
| 单 册: | ||
| 中图分类: | H319.1 | |
| 科图分类: | ||
| 主题词: | 英语--Ying Yu--课程改革--高等学校 | |
| 电子资源: | ||
| ISBN: | 978-7-118-10428-8 | |
| 000 | 01208nam0 22002411 450 | |
| 001 | 0121113056 | |
| 005 | 20161122104121.23 | |
| 010 | @a978-7-118-10428-8@dCNY48.00 | |
| 100 | @a20151125d2015 em y0chiy50 ea | |
| 101 | 0 | @achi |
| 102 | @aCN@b110000 | |
| 105 | @ay z 000yy | |
| 106 | @ar | |
| 200 | 1 | @a高校英语课程改革与发展研究@AGao Jiao Ying Yu Ke Cheng Gai Ge Yu Fa Zhan Yan Jiu@dResearch on college English curriculum reform and development@f江丽琴著@zeng |
| 210 | @a北京@c国防工业出版社@d2015 | |
| 215 | @a160页@d21cm | |
| 330 | @a本书采用文献法、访谈法、叙事法、案例法等质和量的研究方法,力图从跨学科(教育学、管理学、语言学)的角度来阐释大学英语课程改革中各个要素的协调关系,解剖大学英语教师在课程改革中的困惑、大学英语课程教材、教师发展、教学方法、学生评价及课程组织发展问题,并且借鉴后现代课程哲学观,建议把握大学英语课程未来发展趋势,调整课程设计和实践策略,并提供大学英语课程组织重构建设措施,促进大学英语课程改革及发展。 | |
| 510 | 1 | @aResearch on college English curriculum reform and development@zeng |
| 606 | 0 | @a英语@AYing Yu@x课程改革@x高等学校 |
| 690 | @aH319.1@v5 | |
| 701 | 0 | @a江丽琴@AJiang Li Qin@4著 |
| 801 | 0 | @aCN@bTANGWEI@c20161118 |
| 905 | @b0898376-80@dH319.1@e131@f5 | |
| 高校英语课程改革与发展研究=Research on college English curriculum reform and development/江丽琴著.-北京:国防工业出版社,2015 |
| 160页;21cm |
| ISBN 978-7-118-10428-8:CNY48.00 |
| 本书采用文献法、访谈法、叙事法、案例法等质和量的研究方法,力图从跨学科(教育学、管理学、语言学)的角度来阐释大学英语课程改革中各个要素的协调关系,解剖大学英语教师在课程改革中的困惑、大学英语课程教材、教师发展、教学方法、学生评价及课程组织发展问题,并且借鉴后现代课程哲学观,建议把握大学英语课程未来发展趋势,调整课程设计和实践策略,并提供大学英语课程组织重构建设措施,促进大学英语课程改革及发展。 |
| ● |
| 相关链接 |
|
|
|
|
正题名:高校英语课程改革与发展研究
索取号:H319.1/131
 
预约/预借
| 序号 | 登录号 | 条形码 | 馆藏地/架位号 | 状态 | 备注 |
| 1 | 0898376 | 208983769 | 第二样本阅览室/ [索取号:H319.1/131] | 在馆 | |
| 2 | 0898377 | 208983778 | 第四借阅区/ [索取号:H319.1/131] | 在馆 | |
| 3 | 0898378 | 208983787 | 第四借阅区/ [索取号:H319.1/131] | 在馆 | |
| 4 | 0898379 | 208983796 | 第四借阅区/ [索取号:H319.1/131] | 在馆 | |
| 5 | 0898380 | 208983803 | 第四借阅区/ [索取号:H319.1/131] | 在馆 |